| 000 | 00606nam a2200193Ia 4500 | ||
|---|---|---|---|
| 003 | GCL | ||
| 008 | 140319s9999 xx 000 0 eng d | ||
| 020 | _a0316103969 | ||
| 040 |
_aGCL / _cGCL |
||
| 082 | 0 | 4 |
_a973.320924 _bB M |
| 100 | 1 | _aBOWEN, CATHERINE DRINKER | |
| 245 | 1 | 0 |
_aTHE MOST DANGEROUS MAN IN AMERICA : _bSCENES FROM THE LIFE OF BENJAMIN FRANKLIN / _cBOWEN, CATHERINE DRINKER |
| 260 |
_aنيويورك : _bLITTLE, BROWN AND COMPANY ، _c1974 |
||
| 300 |
_a21 CM ؛ _cXIV,274 P |
||
| 650 | 0 | 4 | _aFRANKLIN, BENJAMIN |
| 650 | 0 | 4 | _aHISTORY |
| 650 | 0 | 4 | _aUNITED STATES - HISTORY |
| 942 |
_2ddc _cBK |
||
| 999 |
_c6982 _d6982 |
||